The Philippine nursing act of 2002/. (Record no. 39296)
[ view plain ]
| 000 -LEADER | |
|---|---|
| fixed length control field | 00550nam a2200217 a 4500 |
| 005 - DATE AND TIME OF LATEST TRANSACTION | |
| control field | 20140311163005.0 |
| 008 - FIXED-LENGTH DATA ELEMENTS--GENERAL INFORMATION | |
| fixed length control field | 040619s19uu xx 00 eng d |
| 020 ## - INTERNATIONAL STANDARD BOOK NUMBER | |
| International Standard Book Number | 971513176 |
| 050 ## - LIBRARY OF CONGRESS CALL NUMBER | |
| Classification number | KPM 1079 |
| Item number | .T374 2002 |
| 245 ## - TITLE STATEMENT | |
| Title | The Philippine nursing act of 2002/. |
| 260 ## - PUBLICATION, DISTRIBUTION, ETC. (IMPRINT) | |
| Place of publication, distribution, etc | Manila, Philippines : |
| Name of publisher, distributor, etc | Educational Publishing House, |
| Date of publication, distribution, etc | 2002. |
| 300 ## - PHYSICAL DESCRIPTION | |
| Extent | 55 p. : |
| Dimensions | 23 cm. |
| 521 ## - TARGET AUDIENCE NOTE | |
| Target audience note | |
| 650 ## - SUBJECT ADDED ENTRY--TOPICAL TERM | |
| Topical term or geographic name as entry element | Nursing law. |
| 942 ## - ADDED ENTRY ELEMENTS (KOHA) | |
| Koha item type | Books |
| Source of classification or shelving scheme | Library of Congress Classification |
| Call number prefix | Foreign |
| Withdrawn status | Lost status | Source of classification or shelving scheme | Damaged status | Home library | Current library | Shelving location | Date acquired | Source of acquisition | Cost, normal purchase price | Total Checkouts | Full call number | Barcode | Date last seen | Copy number | Price effective from | Koha item type |
|---|---|---|---|---|---|---|---|---|---|---|---|---|---|---|---|---|
| Library of Congress Classification | Archives | Archives | 06/19/2004 | Donation | 49.95 | KPM 1079 .T374 2002 | C4704 | 05/08/2018 | 1 | 10/10/2013 | Books | |||||
| Library of Congress Classification | Archives | Archives | 01/13/2014 | Donation | KPM 1079 .T374 2002 | C4703 | 05/08/2018 | 4 | 01/13/2014 | Books | ||||||
| Library of Congress Classification | Archives | Archives | 01/13/2014 | Donation | KPM 1079 .T374 2002 | C4702 | 05/08/2018 | 5 | 01/13/2014 | Books | ||||||
| Library of Congress Classification | College Library | College Library | Filipiniana Section | 01/13/2014 | Donation | KPM 1079 .T374 2002 | C4701 | 05/08/2018 | 2 | 01/13/2014 | Books | |||||
| Library of Congress Classification | College Library | College Library | Filipiniana Section | 01/13/2014 | Donation | KPM 1079 .T374 2002 | C4700 | 05/08/2018 | 3 | 01/13/2014 | Books |